000
00272nam a2200121 a 4500
005
20260322212020.0
008
data
092
_a
342
110
2
_a
Cars (Musical group)
245
1
4
_a
The Cars greates hits
_c
Cars (Musical group).
260
_a
New York
_b
Elektra
_c
1985
001
data
999
_c
449
_d
449